Library Banner

Love and will/ (Record no. 95039)

MARC details
000 -LEADER
fixed length control field 00355nam a22001457a 4500
005 - DATE AND TIME OF LATEST TRANSACTION
control field 20170713111247.0
008 - FIXED-LENGTH DATA ELEMENTS--GENERAL INFORMATION
fixed length control field 170713b xxu||||| |||| 00| 0 eng d
040 ## - CATALOGING SOURCE
Transcribing agency PK-LaUMT
082 ## - DEWEY DECIMAL CLASSIFICATION NUMBER
Classification number 152.41
Item number MAY-L
100 ## - MAIN ENTRY--PERSONAL NAME
Personal name May , Rollo
245 ## - TITLE STATEMENT
Title Love and will/
Statement of responsibility, etc Rollo May
260 ## - PUBLICATION, DISTRIBUTION, ETC. (IMPRINT)
Place of publication, distribution, etc New York:
Name of publisher, distributor, etc Dell publishing,
Date of publication, distribution, etc 1969
300 ## - PHYSICAL DESCRIPTION
Extent 363 p.
942 ## - ADDED ENTRY ELEMENTS (KOHA)
Koha item type Books
Holdings
Withdrawn status Lost status Damaged status Home library Current library Date acquired Full call number Barcode Date last seen Price effective from Koha item type
      UMT Main Campus UMT Main Campus 2017-07-13 152.41 MAY-L 110166 2017-07-13 2017-07-13 Books